000 00779cam a2200253 a 4500
001 246
003 BR-CuiBMT
005 20231110002944.0
008 230913s2012 mgb 000 0 por d
020 _a9788577005666
040 _aBR-CuiBMT
_cBR-CuiBMT
080 _22007
_a349.2
090 _a349.2
_bT758
245 0 0 _aTrabalho e regulação :
_bas lutas e as condições materiais da democracia /
_cWilson Ramos Filho, coordenador.
260 _aBelo Horizonte :
_bFórum,
_c2012.
300 _av. :
_bil. ;
_c22 cm
500 _aVários colaboradores.
504 _aInclui bibliografia.
650 _aDireito do trabalho
_zBrasil
650 _aRelações trabalhistas
_zBrasil
650 _aSindicalismo
_zBrasil
700 1 _aRamos Filho, Wilson
_4coord.
942 _2udc
_cLV
999 _c246
_d246